000 00599nam a2200169Ia 4500
008 180921t2017 xxu||||| |||| 00| 0 sin d
041 _asin
080 _a8සි3(යොවුන්)
_bට්වින්
100 _aට්වින්, මාර්ක්
245 _aහක්ල්බරි ෆින්ගේ වික්‍රම
260 _bගුණසේන
_aකොළඹ
_c2017
300 _aසෙ.මි.21, පි.120
700 _aප්‍රේමසිරි මාහිංගොඩ
_eපරි.
942 _cBK
999 _c12506
_d12506
003 LK-CoDNM
040 _aLK-CoDNM
_dLK-CoDNM
_eLK-CoDNM